Normal view
MARC view
Entry Personal Name
001 - CONTROL NUMBER
- control field: 45283
003 - CONTROL NUMBER IDENTIFIER
- control field: dpl
005 - DATE AND TIME OF LATEST TRANSACTION
- control field: 20120418120451.0
008 - FIXED-LENGTH DATA ELEMENTS
- fixed length control field: 120418|||a|||||| | ||| d
040 ## - CATALOGING SOURCE
- Original cataloging agency: dpl
- Transcribing agency: dpl
100 ## - HEADING--PERSONAL NAME
- Personal name: Suresh Kumar, J.
670 ## - SOURCE DATA FOUND
- Source citation: Work cat.: (dpl): 45189, Singer's engineering mechanics statics and dynamics :, 2011(repr.)
670 ## - SOURCE DATA FOUND
- Source citation: Work cat.: (dpl): 45189, Singer's engineering mechanics statics and dynamics :, 2011(repr.)
